Multiple Choice City Quiz – Naples - Statistics

General Stats
  • This quiz has been taken 12,873 times
    12,852 since last reset
  • The average score is 7 of 10
Answer Stats
Question Answer % Correct
What Roman city was buried by the eruption of that volcano? Pompeii
99%
What is the name of the traditional pizza with tomatoes, mozzarella, and basil? Margherita
96%
What volcano looms over Naples? Mount Vesuvius
90%
What word refers to someone from Naples? Neapolitan
86%
What footballer played for SSC Napoli and is the namesake of their stadium? Diego Maradona
74%
Which of these islands is located in the Gulf of Naples? Capri
71%
In which region of Italy is Naples located? Campania
62%
What crisis caused the regional government to declare a state of emergency in 1994, with many blaming organized crime? Build up of trash on the streets
58%
Who founded Naples? The Greeks
50%
What 2010 movie brought throngs of tourists to Pizzeria da Michele? Eat Pray Love
46%
No matching quizzes found
Score Distribution
Percent of People with Each Score
Percentile by Number Answered
Your Score History
You have not taken this quiz since the last reset